Associe les villes et les départements (difficile) - Statistiques

Statistiques générales
  • Ce quiz a été pris 56 fois
  • Le résultat moyen est 8 sur 20
Statistiques - réponses
Ville Département % Correct
Uzerche Corrèze
100%
Yvetot Seine-Maritime
86%
Lamballe-Armor Côtes-d'Armor
83%
Jarnac Charente
82%
Souleuvre en Bocage Calvados
80%
Mimizan Landes
80%
Lannemezan Hautes-Pyrénées
75%
Orthez Pyrénées-Atlantiques
75%
Gonesse Val-d'Oise
73%
Vaujours Seine-Saint-Denis
71%
Mirecourt Vosges
71%
Saint-Maixent-l'École Deux-Sèvres
67%
Descartes Indre-et-Loire
67%
Montceau-les-Mines Saône-et-Loire
64%
Nogent-le-Rotrou Eure-et-Loir
63%
Sallanches Haute-Savoie
63%
Surgères Charente-Maritime
62%
Saint-Affrique Aveyron
60%
Sartène Corse-du-Sud
60%
Gien Loiret
60%
L'Isle-sur-la-Sorgue Vaucluse
60%
Joigny Yonne
60%
Limoux Aude
57%
La Souterraine Creuse
57%
Camaret-sur-Mer Finistère
57%
Armentières Nord
57%
Aléria Haute-Corse
56%
Joinville Haute-Marne
56%
Sceaux Hauts-de-Seine
56%
Beausoleil Alpes-Maritimes
50%
Riom-ès-Montagnes Cantal
50%
Dourdan Essonne
50%
La Réole Gironde
50%
Bonnétable Sarthe
50%
Poligny Jura
44%
Dembeni Mayotte
44%
Gisors Eure
43%
Luxeuil-les-Bains Haute-Saône
43%
Rouffach Haut-Rhin
43%
Saint-Just-Saint-Rambert Loire
43%
Avion Pas-de-Calais
43%
Ugine Savoie
43%
Mirepoix Ariège
40%
Sancerre Cher
40%
Salazie La Réunion
40%
Montrevault-sur-Èvre Maine-et-Loire
40%
Ploërmel Morbihan
40%
Chessy Seine-et-Marne
40%
Viroflay Yvelines
40%
Beaucaire Gard
38%
Saverne Bas-Rhin
36%
Albert Somme
36%
Saint-Pourçain-sur-Sioule Allier
33%
Châtillon-sur-Seine Côte-d'Or
33%
Saint-Yrieix-la-Perche Haute-Vienne
33%
Argenton-sur-Creuse Indre
33%
Clisson Loire-Atlantique
33%
Gramat Lot
33%
Dieuze Moselle
33%
Sées Orne
33%
Mazamet Tarn
33%
Challans Vendée
33%
Divonne-les-Bains Ain
29%
Luc-en-Diois Drôme
29%
Le Controis-en-Sologne Loir-et-Cher
27%
Oraison Alpes-de-Haute-Provence
25%
Remire-Montjoly Guyane
25%
Monistrol-sur-Loire Haute-Loire
25%
Vif Isère
25%
Mourmelon-le-Grand Marne
25%
Jarny Meurthe-et-Moselle
25%
Chevilly-Larue Val-de-Marne
25%
Chauvigny Vienne
25%
Fleurance Gers
22%
Terrasson-Lavilledieu Dordogne
20%
Mouthe Doubs
20%
Peyre en Aubrac Lozère
20%
Carentan-les-Marais Manche
20%
Decize Nièvre
20%
La Londe-les-Maures Var
20%
Capesterre-Belle-Eau Guadeloupe
17%
Giromagny Territoire de Belfort
15%
Tergnier Aisne
14%
Guilherand-Granges Ardèche
14%
Givet Ardennes
14%
Noyon Oise
14%
Lezoux Puy-de-Dôme
14%
Cazères Haute-Garonne
13%
Tonneins Lot-et-Garonne
13%
Stenay Meuse
13%
Auriol Bouches-du-Rhône
11%
Évron Mayenne
11%
Pia Pyrénées-Orientales
11%
Brienne-le-Château Aube
0%
Chorges Hautes-Alpes
0%
Pézenas Hérault
0%
Châteaugirond Ille-et-Vilaine
0%
Ducos Martinique
0%
Beaujeu Rhône
0%
Cuassade Tarn-et-Garonne
0%
Aucun quiz correspondant
Distribution des résultats
% des personnes avec chaque résultat
Percentile par nombre de réponses
Votre historique - résultats
Vous n’avez pas pris ce quiz